Desafíos del Hospital Nacional Edgardo Rebagliati Martíns hacia el 2050 (Registro nro. 22525)

000 -Cabecera
Campo de control interno 01405nam a2200229 4500
001 - Número de control
control field ESSALUD
007 - Tipo material - Descripcion fisica - info general
Tipo material - Descripcion fisica - info general ta
008 - Elementos de Longitud Fija - Información General
Elementos de Longitud Fija - Información t2026 pe ||||| |||| 00| 0 spa d
040 ## - Origen de la Catalogación
Origen de la Catalogación BMG
041 ## - Idioma
Idioma spa
100 ## - Autor
Autor Solari Yokota, Jorge Luis
Rol del Autor autor
9 (RLIN) 52709
245 ## - Titulo
Titulo Desafíos del Hospital Nacional Edgardo Rebagliati Martíns hacia el 2050
246 ## - Variante del Titulo
Titulo Carta al Editor
300 ## - Páginas
Paginación páginas 66-67
520 ## - Resumen
Resumen El Hospital Nacional Edgardo Rebagliati Martíns (HNERM), desde su creación en 1958, ha sido una institución emblemática de la seguridad social peruana. En la actualidad más que un hospital de alta complejidad, su situación está reflejando, y en muchos casos anticipando, las tensiones estructurales del sistema sanitario nacional. La sobre congestión y sobre saturación que hoy ocurre en sus salas y unidades críticas no solo es la expresión de la demanda actual, sino un indicio temprano de los retos y desafíos que el país enfrentará en las próximas décadas, en consonancia con la planificación sanitaria nacional al 2030 y la visión prospectiva al 2050.
650 ## - Temas - Descriptores
Temas - Descriptores HOSPITALES
650 ## - Temas - Descriptores
Temas - Descriptores SEGURIDAD SOCIAL
9 (RLIN) 2070
650 ## - Temas - Descriptores
Temas - Descriptores PERÚ
9 (RLIN) 13
653 ## - Palabras claves
Palabras claves HOSPITAL NACIONAL EDGARDO REBAGLIATI MARTÍNS
773 0# - Revista (Relacion con el numero)
Host Biblionumber 22497
Host Itemnumber 22595
Ciudad, Editorial Lima : IETSI
Codigo barras item/ejemplar CITES01
Titulo de la Revista Ciencia y Tecnología aplicada a la Salud Pública
Número de control de registro ESSALUD
ISSN 3119-7981
942 ## - Elementos de Koha
Tipo de Documento Artículos
Fecha procesamiento 2026-06-11
Catalogador AFC

No hay ítems disponibles.